Countries OMD has Visited - Statistics

General Stats
  • This quiz has been taken 12 times
  • The average score is 30 of 32
Answer Stats
Continent Country % Correct
Oceania Australia
100%
Europe Austria
100%
North America Canada
100%
South America Chile
100%
Asia China
100%
Europe Denmark
100%
Europe France
100%
Europe Germany
100%
Europe Ireland
100%
Europe Italy
100%
Europe Netherlands
100%
Oceania New Zealand
100%
Europe Norway
100%
South America Peru
100%
Europe Poland
100%
Europe Portugal
100%
Europe Sweden
100%
Europe Switzerland
100%
Europe United Kingdom
100%
North America United States of America
100%
Europe Belgium
92%
Europe Czech Republic
92%
Asia Japan
92%
North America Mexico
92%
Africa South Africa
92%
Europe Estonia
83%
Europe Greece
83%
Europe Lithuania
75%
Europe Luxembourg
75%
Asia Singapore
75%
Eutope Monaco
67%
Asia Philippines
67%
No matching quizzes found
Score Distribution
Percent of People with Each Score
Percentile by Number Answered
Your Score History
You have not taken this quiz